000 00892nam a2200277 a 4500
008
020 _a0724807454 (paperback)
040 _aNUST
_cNUST
049 _aMAIN
090 _aBF713
_bPET
100 1 _aPeterson, Candida.,
_aauthor.
245 1 0 _aLooking forward through the lifespan :
_bdevelopmental psychology/
_c Candida Peterson.
250 _aThird edition.
260 _aSydney, Australia :
_bPrentice Hall,
_c1996.
300 _axviii, 747 pages :
_billustrations ;
_c28 cm.
336 _atext
_btxt
_2rdacontent
337 _aunmediated
_bn
_2rdamedia
338 _avolume
_bnc
_2rdacarrier
500 _aIncludes index.
504 _aIncludes bibliographical references.
650 _aDevelopmental psychology.
907 _a.b10408411
_b24-08-21
_c24-08-21
003
005 20230123141218.0
942 _cBOOKS
_kBF713
_mPET
999 _c169615
_d169615